Kilim : (Record no. 352684)
[ view plain ]
| 000 -LEADER | |
|---|---|
| fixed length control field | 00948 a2200277 4500 |
| 003 - CONTROL NUMBER IDENTIFIER | |
| control field | OSt |
| 005 - DATE AND TIME OF LATEST TRANSACTION | |
| control field | 20180116192341.0 |
| 008 - FIXED-LENGTH DATA ELEMENTS--GENERAL INFORMATION | |
| fixed length control field | 110812t 1993xxu||||| |||| 00| 0 eng d |
| 020 ## - INTERNATIONAL STANDARD BOOK NUMBER | |
| International Standard Book Number | 0500015651 : |
| 020 ## - INTERNATIONAL STANDARD BOOK NUMBER | |
| International Standard Book Number | 9780500282212 |
| 040 ## - CATALOGING SOURCE | |
| Transcribing agency | 0 |
| 082 04 - DEWEY DECIMAL CLASSIFICATION NUMBER | |
| Classification number | 746.75095 |
| 100 1# - MAIN ENTRY--PERSONAL NAME | |
| Personal name | Hull, Alastair. |
| 9 (RLIN) | 53 |
| 245 10 - TITLE STATEMENT | |
| Title | Kilim : |
| Remainder of title | the complete guide, history, pattern, technique, identification / |
| Statement of responsibility, etc. | Alastair Hull and Jose Luczyc-Wyhowska. |
| 260 ## - PUBLICATION, DISTRIBUTION, ETC. | |
| Place of publication, distribution, etc. | London : |
| Name of publisher, distributor, etc. | Thames and Hudson, |
| Date of publication, distribution, etc. | 1993. |
| 300 ## - PHYSICAL DESCRIPTION | |
| Extent | 352 p. : |
| Other physical details | ill. (some col.), maps ; |
| Dimensions | 33 cm. |
| 500 ## - GENERAL NOTE | |
| General note | Includes bibliographical references and index. |
| 650 10 - SUBJECT ADDED ENTRY--TOPICAL TERM | |
| Topical term or geographic name entry element | Kilims |
| Geographic subdivision | Central Asia |
| -- | Afghanistan. |
| 9 (RLIN) | 54 |
| 650 10 - SUBJECT ADDED ENTRY--TOPICAL TERM | |
| Topical term or geographic name entry element | Kilims |
| Geographic subdivision | North Africa. |
| 9 (RLIN) | 55 |
| 650 10 - SUBJECT ADDED ENTRY--TOPICAL TERM | |
| Topical term or geographic name entry element | Kilims |
| Location of event | Structures and materials |
| 9 (RLIN) | 56 |
| 650 10 - SUBJECT ADDED ENTRY--TOPICAL TERM | |
| Topical term or geographic name entry element | Kilims |
| Geographic subdivision | Turkey |
| 9 (RLIN) | 57 |
| 650 10 - SUBJECT ADDED ENTRY--TOPICAL TERM | |
| Topical term or geographic name entry element | Kilims |
| Geographic subdivision | Morocco. |
| 9 (RLIN) | 58 |
| 650 10 - SUBJECT ADDED ENTRY--TOPICAL TERM | |
| Topical term or geographic name entry element | Kilims |
| Geographic subdivision | Iran. |
| 9 (RLIN) | 59 |
| 942 ## - ADDED ENTRY ELEMENTS (KOHA) | |
| Source of classification or shelving scheme | |
| Koha item type | Book |
| Withdrawn status | Lost status | Source of classification or shelving scheme | Damaged status | Not for loan | Permanent Location | Current Location | Date acquired | Total Checkouts | Full call number | Barcode | Date last seen | Cost, replacement price | Price effective from | Koha item type |
|---|---|---|---|---|---|---|---|---|---|---|---|---|---|---|
| School of Art Design and Architecture (SADA) | School of Art Design and Architecture (SADA) | 04/07/2011 | 746.75095 HUL 1993 | SADA0000696 | 08/05/2011 | 2594.00 | 08/05/2011 | Book |
